000 01304cab a2200301 4500
001 L129698
008 050511n2005 000 0 eng u
035 _a(Sirsi) u129698
041 _aeng
100 _aPoustie, Mark
245 _aVan de Walle
_bunsustainable developments in EC waste law?
260 _c2005
490 _aScottish Planning and Environmental Law
_v(108) April 2005, 34-37(4)
520 _aConsiders the implications of "Van de Walle v Texaco Belgium SA ([2004] EUECJ C-1/03)" for the Scottish contaminated land and waste management regimes.
650 _aARC CHEMIE NEDERLAND LTD V MINISTER VAN VOLKSHUISVESTING, RUIMTELIJKE ORDERNING EN MILIEUBEHEER
650 _aSCOTTISH EXECUTIVE RURAL AFFAIRS DEPARTMENT CIRCULAR 1/2000
650 _aCONTROL OF POLLUTION ACT 1974
650 _aENVIRONMENTAL PROTECTION ACT 1990 PART IIA
650 _aINTER ENVIRONMENT WALLONIE ASBL V REGION WALLONE
650 _aLANDFILL (SCOTLAND) REGULATIONS 2003
650 _aPAN33
650 _aPALIN GRANIT OY V VEHMASSALON KANSANTERVEYSTYON KUNTAYHTMAN HALLITUS
650 _aWALLE CASE
650 _aWASTE MANAGEMENT LICENSING REGULATIONS 1994
690 _aENVIRONMENTAL AND LAND CONSULTANCY
690 _aPROPERTY-RURAL AND NATURAL ASSETS-LAND-CONTAMINATED LAND
942 _n0
999 _c75221
_d75221